000
00299nam a2200133Ia 4500
008
191201s2002 xx 000 0 und d
100
_a
ARORA, SC
245
0
_a
Text book of Calculus
250
_a
rep
260
_a
N. Delhi
_b
Pitambar Pub
_c
2002
300
_a
585
650
_a
Applied
942
_2
ddc
_c
BK
999
_c
74
_d
74